000 01208nam a22003257a 4500
003 CHAP
005 20220329140408.0
008 971013s1963 r 00010 d
010 _a51378
011 _a52350
035 _a56500
040 _cCHAP
082 _a378.2
_bF4
100 0 0 _aFernández de Recas, Guillermo S.
_940157
245 _aGrados de licenciados, maestros y doctores en artes, leyes, teología y todas facultades de la Real y Pontificia Universidad de México
260 _aMéxico :
_bBiblioteca Nacional,
_c1963
300 _a243 p.
_b: láms.
490 _aInstituto Bibliográfico Mexicano. Publicación
_v; 8
590 _aBATCH-UPD
_b10
_c20130110
_lUCH01
_h0346
590 _aBATCH-UPD
_b10
_c20130110
_lUCH01
_h2326
590 _aBATCH-UPD
_b10
_c20130410
_lUCH01
_h0019
590 _aBATCH-UPD
_b10
_c20130410
_lUCH01
_h1615
590 _aBATCH-UPD
_b10
_c20130914
_lUCH01
_h1355
590 _aCONVERSION
_b10
_c20130109
_lUCH01
_h1328
650 1 4 _aReal y Pontificia Universidad de México.
_994937
830 0 _aInstituto Bibliográfico Mexicano. Publicación
_v; 8
_959069
901 _aBK
942 _cLIBRO
949 _a378.2 F4
_bBC
_cLIBRO
_d33724000430146
_eLIBRO
_h7051
_i56500
_si
999 _c51378
_d51378